Hamilton Lyrics - Alexander Hamilton - Statistics

General Stats
  • This quiz has been taken 40 times
  • The average score is 45 of 72
Answer Stats
Lyrics % Correct
How does a Bastard, {orphan} son of a whore
97%
by being a lot {smarter}
94%
by working a lot {harder},
94%
The 10 dollar {Founding} {father} without a father
91%
Got a lot {farther}
88%
And a Scotsman, dropped in the middle of a {forgotten} {spot} in the Caribbean
85%
Across the waves, he struggled and kept his {guard} {up}
82%
By being a {self-starter},
82%
"This kid is {insane}, man!"
82%
Took up a collection just to send him to the {mainland}
82%
And Alex got better, but his mother {went} {quick}
79%
And there's a {million} things I haven't done
79%
And the world's gonna {know} {your} {name}
79%
But just you wait, {just} {you} {wait}
79%
By providence, impoverished, in squalor, grow up to be a {hero} and a {scholar}?
79%
Inside, he was {longing} for something to be a part of
79%
Moved in with a cousin, the cousin committed {suicide}
79%
Then a {hurricane} came, and devastation reigned
79%
What's your {name}, man?"
79%
{Alexander} {Hamilton}
76%
And he wrote his first {refrain}, a testament to his pain
76%
by 14 they placed him in charge of a {trading} {charter}
76%
"Get your {education}, don't forget from whence you came
76%
My name is {Alexander} {Hamilton}
76%
Well, the word got {around}, they said
76%
2 years later, see Alex and his mother {bedridden}
73%
A voice saying, "Alex, you gotta {fend} {for} {yourself}"
73%
Our man saw his {future} drip, dripping down the drain
73%
In {New} {York}, you can be a new man
67%
In {New} {York}, you can be a new man
67%
Left him with nothing but ruined pride, something {new} {inside}
67%
Put a {pencil} {to} {his} {temple}, connected it to his brain
67%
And every day while slaves were being {slaughtered} and carted away
64%
In {New} {York}, you can be a new man
64%
In {New} {York}, you can be a new man
64%
Scamming for every book he can get his {hands} {on}
64%
The bow of a ship headed for a {new} {land}
64%
He woulda been {dead} and destitute without a cent of restitution
61%
In {New} {York}
61%
Just you {wait}!
61%
The brother was ready to {beg}, {steal}, {borrow} or {barter}
61%
When he was 10, his father split, full of it, {debt} {ridden}
61%
{Alexander} {Hamilton}
58%
Half-dead, sitting in their own sick, the {scent} {thick}
58%
He started {retreating} and reading every treatise on the shelf
58%
Planning for the {future},
58%
Oh, {Alexander} {Hamilton}
55%
Started working, clerking for his {late} {mother's} {landlord}
55%
There woulda been nothing left to do for {someone} {less} {astute}
55%
When America {sings} {for} {you}
55%
We are {waiting} {in} {the} {wings} for you
52%
Trading {sugar} {cane} and rum and all the things he can't afford
48%
Will they know what you {overcame}?
48%
You could never {back} {down},
48%
you never learned to {take} {your} {time}
48%
see him now as he {stands} on
45%
The world will never be the {same}, oh
45%
Will they know you {rewrote} the game?
45%
Me? I {died} for him
42%
Me? I {loved} him
42%
Me? I {trusted} him
42%
The ship is in the {harbor} now,
42%
{Alexander} {Hamilton}!
39%
America {forgot} him
39%
And me? I'm the damn fool that {shot} him
39%
Another {immigrant} coming up from the bottom
39%
But just you {wait}
39%
There's a {million} thing I haven't done
39%
We {fought} with him
39%
What's your {name}, man?
39%
His enemies {destroyed} his rep,
36%
see if you can {spot} {him}
36%
No matching quizzes found
Score Distribution
Percent of People with Each Score
Percentile by Number Answered
Your Score History
You have not taken this quiz